Construction des tunnels de Bleckingley et de Saltwood / (Record no. 165389)

MARC details
000 -LEADER
campo de control de longitud fija 01067nam a22002055i 4500
001 - NÚMERO DE CONTROL
campo de control 165389
003 - IDENTIFICADOR DE NÚMERO DE CONTROL
campo de control ES-MaACL
005 - FECHA Y HORA DE LA ÚLTIMA TRANSACCIÓN
campo de control 20230906213128.0
008 - DATOS DE LONGITUD FIJA--INFORMACIÓN GENERAL
campo de control de longitud fija 030214s1844 fr af |||| | fre d
040 ## - FUENTE DE CATALOGACIÓN
Centro catalogador/agencia de origen CCPB | B
Lengua de catalogación spa
Centro/agencia transcriptor CCPB | B
100 1# - ENTRADA PRINCIPAL--NOMBRE DE PERSONA
Nombre de persona Simms, Frederick W.
9 (RLIN) 132753
245 10 - MENCIÓN DEL TÍTULO
Título Construction des tunnels de Bleckingley et de Saltwood /
Mención de responsabilidad, etc. Simms ; ouvrage traduit de l'anglais avec des notes et des additions par Eugène Santin.
260 ## - PUBLICACIÓN, DISTRIBUCIÓN, ETC.
Lugar de publicación, distribución, etc. Paris :
Nombre del editor, distribuidor, etc. librairie scientifique-industrielle de L. Mathias,
Fecha de publicación, distribución, etc. 1844 (
Fabricante typ. de Cosson)
300 ## - DESCRIPCIÓN FÍSICA
Extensión XXIV, 167 p., 10 h. de grab. pleg. ;
Dimensiones 22 cm.
650 #4 - PUNTO DE ACCESO ADICIONAL DE MATERIA--TÉRMINO DE MATERIA
Término de materia o nombre geográfico como elemento de entrada Túneles-
Subdivisión general Diseño y construcción.
9 (RLIN) 136964
700 11 - ENTRADA AGREGADA--NOMBRE PERSONAL
Nombre de persona Santin, Eugène,
Término indicativo de función/relación
9 (RLIN) 132445
752 ## - ENTRADA AGREGADA--NOMBRE JERÁRQUICO DEL LUGAR
País o entidad superior Francia -
Ciudad París
852 ## - LOCALIZACIÓN
Ubicación ES-MaACL
Número de control de estantería G-11872
Nota libre -- Enc. hol. conservando la cub. original
-- -- En este ejemplar en la última cifra de la fecha del pie de imp. se han impreso un 4 y un 5 superpuestos, por lo que no sabemos si la ed. será de 1844 ó de 1845 (fecha que consta en el pie de imp. de la cub. original)
Holdings
Estatus retirado Estado de pérdida Estado de daño No para préstamo Colección Biblioteca de origen Biblioteca actual Ubicación en estantería Fecha de adquisición Fuente de adquisición Total de préstamos Signatura topográfica completa Código de barras Visto por última vez Precio de reemplazo Tipo de ítem Koha
        Libros del s. XIX Biblioteca del Ateneo de Madrid Biblioteca del Ateneo de Madrid Sala Pecera Planta 3 17/01/2008     G-11872 1173433 23/02/2023 23/02/2023 Libro impreso antiguo